000 00874nam a22002537a 4500
003 DO-SdBNP
005 20240305141039.0
007 ta
008 221108b202- dr a|||| |||| 00| 0 spa d
020 _a9789945922950
040 _aDO-SdBNP
_bspa
_cBNPHU
082 4 _222
100 1 _aPérez, María Cecilia
_982760
245 1 0 _aEres lo que piensas de ti /
_cMaría Cecilia Pérez ; prólogo de Bismar Galán ; corrección de estilo Mary Pérez ; ilustración Anibal Hernández
260 _aSanto Domingo :
_bNuevas Tierras,
_c202-.
300 _a77 p. :
_bil. ;
_c21 cm.
500 _aIncluye datos biográficos de la autora en las solapas
590 _aInventariado, 2022/BT
700 1 _aGalán, Bismar,
_d1961-
_epról.
_91490
700 1 _aPérez, Mary,
_ecorrector
_978164
700 1 _aHernández, Anibal,
_eil.
_982761
910 _aBtavárez
942 _2ddc
_cLBS1
999 _c52833
_d52833